000 00795nam a2200253Ia 4500
003 OSt
005 20220925234409.0
006 a|||||r|||| 00| 0
007 ta
008 220923b |||||||| |||| 00| 0 eng d
020 _a9788176223829
_c2800.00
037 _b2600, 10/10/2017, The Bookseller
_cGeneral Book
040 _aRTL
_cRTL
_beng
041 _2eng
_aeng
082 _aX9(J)0gF, Q7
100 _aPRASAD Birendra
_9300027
245 0 _aInnovative agriculture
_b Techniques and practices
260 _a New Delhi
_bBiotech Books
_c2017
300 _axiv,417p
_ccm.
650 _aGeography
700 _a KUMAR Udit
_9300028
942 _hX9(J)0gF, Q7
_cGB
_2CC
999 _c595549
_d595549